000 00421nam a2200169Ia 4500
003 GCL
008 140319s9999 xx 000 0 eng d
040 _aGCL /
_cGCL
082 0 4 _a901
_bI T
100 1 _aT . A . ISMAIL
245 1 0 _aTHE THIRD AXIS /
_cT . A . ISMAIL
260 _aالقاهرة :
_bAL AHRAM ،
_c2004
300 _a24 CM ؛
_c404 P
650 0 4 _aHISTORY
650 0 4 _aWORLD HISTORY
942 _2ddc
_cBK
999 _c7130
_d7130